000 00514nam a2200217Ia 4500
003 OSt
005 20220924144414.0
006 a|||||r|||| 00| 0
007 ta
008 220923b |||||||| |||| 00| 0 urd d
024 _a314158
037 _cTextual
040 _aARTS
_cARTS
_burd
041 _2urd
_aurd
082 _aO168,1MRU,1, A6
245 0 _aQissa Shah-e-Rum
260 _c1876
650 _aURDU POETRY
942 _hO168,1MRU,1, A6
_cTEXL
_2CC
999 _c456957
_d456957